Complex variables and the Laplace transform for engineers (Record no. 13856)

000 -LEADER
fixed length control field 00606nam a22002051 4500
001 - CONTROL NUMBER
control field 13856
003 - CONTROL NUMBER IDENTIFIER
control field BD-DhUET
008 - FIXED-LENGTH DATA ELEMENTS--GENERAL INFORMATION
fixed length control field 840622s1961 nyua b 000 0 eng
040 ## - CATALOGING SOURCE
Original cataloging agency DLC
Transcribing agency DLC
Modifying agency BD-DhUET
082 00 - DEWEY DECIMAL CLASSIFICATION NUMBER
Classification number 517.862
Item number LEP/1961
100 ## - MAIN ENTRY--PERSONAL NAME
Personal name LePage, Wilbur R.
245 10 - TITLE STATEMENT
Title Complex variables and the Laplace transform for engineers
250 ## - EDITION STATEMENT
Edition statement 1st ed.
260 ## - PUBLICATION, DISTRIBUTION, ETC. (IMPRINT)
Place of publication, distribution, etc. Bombay
Name of publisher, distributor, etc. McGraw-Hill
Date of publication, distribution, etc. 1961
300 ## - PHYSICAL DESCRIPTION
Extent xvi, 475 p.
Other physical details ill.
Dimensions 24 cm.
490 ## - SERIES STATEMENT
Series statement International series in pure and applied mathematics
504 ## - BIBLIOGRAPHY, ETC. NOTE
Bibliography, etc Includes bibliographies
650 #0 - SUBJECT ADDED ENTRY--TOPICAL TERM
Topical term or geographic name as entry element Calculus - Complex variables
942 ## - ADDED ENTRY ELEMENTS (KOHA)
Koha item type General Book
Holdings
Koha item type Withdrawn status Source of classification or shelving scheme Copy number Price effective from Koha full call number Lost status Sublocation or collection (holding branch) Location (home branch) Date acquired Shelving location Koha date last seen Koha normalized classification for sorting Damaged status Piece designation (barcode) Not for loan
General Book  12015-03-05517.862/LEP/1961 Central Library, BUETCentral Library, BUET2015-03-05Circulation section2015-03-05517_862000000000000_LEP_1961 40116 
General Book  22015-03-05517.862/LEP/1961 Central Library, BUETCentral Library, BUET2015-03-05Circulation section2015-03-05517_862000000000000_LEP_1961 24385 
General Book  32015-03-07517.862/LEP/1961 Central Library, BUETCentral Library, BUET2015-03-07Circulation section2015-03-07517_862000000000000_LEP_1961 6374 
General Book  42015-03-07517.862/LEP/1961 Central Library, BUETCentral Library, BUET2015-03-07Circulation section2015-03-07517_862000000000000_LEP_1961 51027 
General Book  52015-03-07517.862/LEP/1961 Central Library, BUETCentral Library, BUET2015-03-07Circulation section2015-03-07517_862000000000000_LEP_1961 20963 
General Book  62015-03-07517.862/LEP/1961 Central Library, BUETCentral Library, BUET2015-03-07Circulation section2015-03-07517_862000000000000_LEP_1961 42659 
General Book  72015-03-07517.862/LEP/1961 Central Library, BUETCentral Library, BUET2015-03-07Circulation section2015-03-07517_862000000000000_LEP_1961 40115 
General Book  82015-03-07517.862/LEP/1961 Central Library, BUETCentral Library, BUET2015-03-07Circulation section2015-03-07517_862000000000000_LEP_1961 39671 
General Book  92015-03-07517.862/LEP/1961 Central Library, BUETCentral Library, BUET2015-03-07Circulation section2015-03-07517_862000000000000_LEP_1961 39670 
General Book  102015-03-07517.862/LEP/1961 Central Library, BUETCentral Library, BUET2015-03-07Circulation section2015-03-07517_862000000000000_LEP_1961 42660 
General Book  112015-03-09517.862/LEP/1961 Central Library, BUETCentral Library, BUET2015-03-09Circulation section2015-03-09517_862000000000000_LEP_1961 42661 
General Book  122015-03-09517.862/LEP/1961 Central Library, BUETCentral Library, BUET2015-03-09Circulation section2015-03-09517_862000000000000_LEP_1961 51026 
General Book  132015-05-03517.862/LEP/1961 Central Library, BUETCentral Library, BUET2015-05-03Circulation section2015-05-03517_862000000000000_LEP_1961 2039 
General Book  142015-05-03517.862/LEP/1961 Central Library, BUETCentral Library, BUET2015-05-03Circulation section2015-05-03517_862000000000000_LEP_1961 6375 
General Book  152015-05-03517.862/LEP/1961 Central Library, BUETCentral Library, BUET2015-05-03Circulation section2015-05-03517_862000000000000_LEP_1961 2041 
General Book  162015-05-03517.862/LEP/1961 Central Library, BUETCentral Library, BUET2015-05-03Circulation section2015-05-03517_862000000000000_LEP_1961 2040